000
00267nam a2200121Ia 4500
008
241002s9999 xx 000 0 und d
082
_a
539 VAS
100
_a
Vasilyer, M.
245
0
_a
matter and man
260
_a
Moscow:
_c
N/A
600
_a
Literature
942
_c
UC
999
_c
18892
_d
18892